000 00380nam a2200145 4500
001 127032
003 ES-MaACL
007 t|
008 070214s1945 fr r ||||1| fre d
110 2 _aRibet, Maurice.
_96449
245 1 3 _aLe procès de Riom /
_cMaurice Ribet.
260 _aParis :
_bFlammarion,
_c1945.
300 _a524 p. ;
_c22 cm.
852 _aES-MaACL
_jE-1886
_bR.22569
999 _c127032
_d127032